000 00779nam a22002177a 4500
003 UA-OsUOA
001 109415
007 ta
008 20141224b un ||||| |||| 00| 0 ukr d
100 _aГолуб Н.
090 _a81
_bГ62
942 _cSA
040 _aUA-OsUOA
_bukr
_cUA-OsUOA
_dUA-OsUOA
245 _aКомпетентнісне начання української мови в загальноосвітній школі: проблеми й перспективи
300 _aС.2-7
955 _a0
041 _aukr
080 _a81
773 0 _w109414
_tУкраїнська мова і література в школі
_dК.
_d2014
_g7
650 7 _a8 Мовознавство. Художня література. Літературознавство
_2UDC
999 _c395287
_d395287